| 000 | 00772nam a22001695i 4500 | ||
|---|---|---|---|
| 001 | 164496 | ||
| 003 | ES-MaACL | ||
| 005 | 20230906212940.0 | ||
| 008 | 050729s1890 it | |||||||| ||ita d | ||
| 040 |
_aCAM _bspa _cCAM |
||
| 100 | 1 |
_aSalvioli, Giuseppe. _9102138 |
|
| 245 | 1 | 2 |
_aI difetti sociali del codice civile in relazione alle classi non abbienti ed operaie _b: discorso letto per la solenne inaugurazione degli studi nella R. Università di Palermo il giorno 9 novembre 1890 / _cdall'Avv. Giuseppe Salvioli. |
| 260 |
_aPalermo : _b[s.n.], _c1890 ( _fTipografia dello "Statuto") |
||
| 300 |
_a46 p. ; _c27 cm. |
||
| 710 | 2 |
_aUniversità di Palermo. _9158415 |
|
| 852 |
_aES-MaACL _jT-918-F-4 _z-- Enc. hol. conservando la cub. original _z-- Enc. en un vol. facticio |
||
| 999 |
_c164496 _d164496 |
||